000
00273nam a2200097 4500
008
160625b xxu||||| |||| 00| 0 eng d
100
_9
1207
_a
Mallik, U., et al
245
_a
Learning with Computer Level - 3
300
_a
Learning with Computer Level - 3
942
_2
ddc
_c
BK
_e
N.Y
999
_c
986
_d
986